Statistics for Jeopardy #8618

Click here to take the quiz!

General Stats

  • This quiz has been taken 36 times
  • The average score is 13 of 61

Answer Stats

CategoryCashClueAnswer% Correct
A REIGN OF ERROR$200The relentless execution of Protestant rebels earned this queen of England the nickname "Bloody" & the hatred of her peopleMary
94%
BOOK 'EM$200In 1897 this Bram Stoker horror novel was vastly outsold by another in the genre, "The Beetle", about a shape-shifting monsterDracula
72%
A REIGN OF ERROR$400After having his mom & wife killed, this emperor was accused of starting a fire that devastated Rome; he blamed the ChristiansNero
72%
HOUSEHOLD INITIALS$400S.D.: It's time to change the batteries when they chirpsmoke detector
72%
HOUSEHOLD INITIALS$200P.L.: The one on the stove might go out occasionallythe pilot light
67%
A NUMBER BETWEEN 2 & 115$800Feb. 6, 2022 began Elizabeth II's platinum jubilee, marking this many years on the throne70
61%
AT THE MOVIES$200Ellen DeGeneres voiced this character in "Finding Nemo" & its sequelDory
56%
A REIGN OF ERROR$800After trying to buy Cortes off to stop an invasion, this Aztec emperor let the Spaniards into Tenochtitlan with no oppositionMontezuma
56%
A REIGN OF ERROR$600Britannica, on one of this czar's many errors: he "met the rising groundswell of popular unrest with intensified police repression"Nicholas II
56%
HOUSEHOLD INITIALS$1000M.R.: It's a vestibule where you take off wet clothesthe mud room
56%
HOUSEHOLD INITIALS$600M.T.: Removal of it "under penalty of law" does not apply to the consumermattress tag
50%
A NUMBER BETWEEN 2 & 115$1000In 1958 Crayola introduced its box of this many crayons, the first with sharpener included64
44%
HOUSEHOLD INITIALS$800G.D.: The InSinkErator is a brand of thisgarbage disposal
44%
ENDS IN DOUBLE LETTERS$200In the 1980s this word lost favor to the gender-neutral flight attendantstewardess
44%
AT THE MOVIES$400"May the odds be ever in your favor" is a line from this 2012 post-apocalyptic filmThe Hunger Games
44%
CATCH THE MUSICAL TV ACT$400ScrantonicityThe Office
44%
A NUMBER BETWEEN 2 & 115$200The sequence of triangular numbers goes 3, 6, this10
39%
AT THE MOVIES$600In "Mary Poppins Returns", this actress took on the role of the magical nannyEmily Blunt
28%
AT THE MOVIES$1000"Beavis & Butt-Head" creator Mike Judge wrote & directed this 1999 workplace comedyOffice Space
28%
ENDS IN DOUBLE LETTERS$1000It's the aggrieved party that initiates a lawsuitthe plaintiff
28%
AROUND THE USA$400To see a rare stone beach on Washington Island, Wisconsin, you must brave Death's Door, a strait connecting Lake Michigan and this bayGreen Bay
17%
AROUND THE USA$800Head west on I-40 in New Mexico, & you can go from Acoma to Zuni, visiting two of the state's 19 of these centuries old Native American communitiespueblos
17%
BOOK 'EM$400A series of instructional books was launched in 1991 with the title this 3-letter computer acronym "for Dummies"DOS
11%
BAT QUIZ$1200Bats navigate at night using this system of acoustic orientation that incorporates nature's version of radarecholocation
11%
A REIGN OF ERROR$1000Part of what made him "unready" to be England's king was massacring Danish settlers in 1002, which spurred more invasionsEthelred the Unready
11%
CATCH THE MUSICAL TV ACT$1200Jesse & the Rippers, led by Uncle Jesse KatsopolisFull House
11%
AROUND THE USA$1200Incredible homes like Marble House, an imitation of Versailles, meant to be a temple of the arts, are in this Rhode Island cityNewport
11%
BAT QUIZ$1600Vampire bat bites threaten livestock not by making them the undead, but by spreading this disease caused by a lyssavirusrabies
11%
A NUMBER BETWEEN 2 & 115$400Numbers is this number book in the King James Biblethe 4th
11%
CATCH THE MUSICAL TV ACT$800Dr. Teeth & the Electric Mayhem, with Animal on drumsThe Muppet Show
11%
BAT QUIZ$400Bats are mammals of the order Chiroptera, meaning "hand"-thiswing
11%
A NUMBER BETWEEN 2 & 115$600The proverbial "weakling" weighs this many pounds, though a Charles Atlas ad had it one pound less98
6%
BAT QUIZ$800Nectar-feeding bats pollinate the flowers that grow on the tips of the organ pipe variety of this desert planta cactus
6%
OH ME OF LITTLE FAITH$800After an admiral bags on his beliefs, this film villain says, "I find your lack of faith disturbing" & forces the issueDarth Vader
6%
OH ME OF LITTLE FAITH$400This Amherst woman wrote, "'Faith' is a fine invention / For gentlemen who see! / But microscopes are prudent / In an emergency!"Dickinson
6%
AT THE MOVIES$800Denzel Washington & Viola Davis reprised their Tony-winning roles in the 2016 movie version of this playFences
6%
WHAT THE LETTER SAYS$800In 1855 she wrote a friend in England apologizing for not writing sooner but the Crimean War wounded were keeping her busyFlorence Nightingale
6%
SINCERELY YOURS$8009-letter "cardiac" adjective for sincere apologies or sympathiesheartfelt
6%
SINCERELY YOURS$400In "Casablanca" Cuddles Sakall insists that the gambling at Rick's cafe is as this "as the day is long"honest
6%
AROUND THE USA$2000Southwest of Tallahassee, this community got the same name as a Central American capital in 1909 when its people were excited about possible tradePanama City
6%
SINCERELY YOURS$1200If I give you the straight scoop, I do this, the title of a 1966 Aaron Neville hit"Tell It Like It Is"
6%
BAT QUIZ$2000Each year as many as 20 million female Mexican free-tailed bats give birth at sites like Bracken Cave in this U.S. stateTexas
6%
ENDS IN DOUBLE LETTERS$600In Spanish it's globo ocularthe eyeball
6%
BOOK 'EM$600In 2019 this Irma Rombauer book was fully revised & updated with 600 new recipesthe Joy of Cooking
6%
OH ME OF LITTLE FAITH$20001 of the 2 Brits, a biologist & a political writer, in "The Four Horsemen of Atheism" with Americans Daniel Dennett & Sam Harris(1 of) Christopher Hitchens (Richard Dawkins)
0%
BOOK 'EM$800African-American actress & writer Alice Childress is known for her young adult novel "A Hero Ain't Nothin' But" thisa Sandwich
0%
CATCH THE MUSICAL TV ACT$2000The rapper Clark CountyAtlanta
0%
CATCH THE MUSICAL TV ACT$1600Dingoes Ate My Baby, performing down at the BronzeBuffy the Vampire Slayer
0%
ENDS IN DOUBLE LETTERS$800This type of ornamentation is like lacework done with gold or silverfiligree
0%
SINCERELY YOURS$2000From the Latin, this word for sincere has a close relative, "genuine", & a "dis-" oppositeingenuous
0%
WHAT THE LETTER SAYS$2000A 1496 letter authorizes him & his son Sebastian to sail for England & claim isles, regions & "provinces of heathen & infidels"John Cabot
0%
WHAT THE LETTER SAYS$1200In 1964 he wrote from Mecca that he had prayed with white people whose belief in Allah had "removed the 'white' from their minds"Malcolm X
0%
SINCERELY YOURS$1600It sounds like you just keep rising with this repetitive idiom that starts with "on the"on the up-and-up
0%
WHAT THE LETTER SAYS$1600In 1639 he wrote to Lord Huygens about his paintings with the "greatest & most natural movement" & mentioning "I live on the Inner Amstel"Rembrandt
0%
OH ME OF LITTLE FAITH$1200This "Derek" star tweeted atheists were fighting again "over who doesn't believe in any god the most... wait... that never happens"Ricky Gervais
0%
BOOK 'EM$1000This James Redfield bestseller about an ancient manuscript that provides 9 key insights to life has been called "a spiritual classic"The Celestine Prophecy
0%
AROUND THE USA$1600Seafood plus history mark this area, named for its location on Chesapeake Bay, birthplace of both Harriet Tubman & Frederick Douglassthe Eastern Shore
0%
OH ME OF LITTLE FAITH$1600In 1796 Samuel Miles, an elector for this political party, went "faithless" & voted against John Adamsthe Federalists
0%
ENDS IN DOUBLE LETTERS$400This seven-letter track & field moment seen here requires practice & teamworkthe handoff
0%
HISTORYN/AIntimately familiar with World War I, Churchill considered this war from some 150 years before the "first world war"the Seven Years War
0%
WHAT THE LETTER SAYS$400Thomas Jefferson's last public letter, 10 days before he died, says, sorry, too sick to attend the celebrations of its 50th anniversaryU.S. independence
0%

Score Distribution

Percentile by Number Answered

Percent of People with Each Score

Your Score History

You have not taken this quiz